000 00424nam a22001697a 4500
005 20220526102631.0
008 220526b ||||| |||| 00| 0 eng d
020 _a8173391505
040 _aIN-DiNC
_cIN-DiNC
041 _dasm
100 _aSaikia Nagen
_eauthor
245 _aGavesana paddhati paricay
_cby Nagen Saikia
250 _a1st ed.
260 _aGuwahati
_bBanalata
_c1996
300 _a115p.
942 _2ddc
_cBK
999 _c11297
_d11297